Entre el pasado y el futuro : ocho ejercicios sobre la reflexión política /

Guardado en:
Bibliografiske detaljer
Hovedforfatter: Arendt, Hannah (autor)
Format: Bog
Sprog:spansk
Udgivet: Barcelona, España : Península, 2016, c2016
Serier:(Imprescindibles Península)
Fag:
Tags: Tilføj Tag
Ingen Tags, Vær først til at tagge denne postø!

MARC

LEADER 00000nam^a2200000^a^4500
001 000400909
005 20250521000000.0
009 20260310121630.757
020 |a 978-84-9942-479-8 
037 |a Acervo Xavier Clavigero 
041 |a ESP 
082 |a 320. 01  |b ARE 
100 |a Arendt, Hannah  |e (autor) 
240 1 1 |a [Entre el pasado y el futuro: ocho ejercicios sobre la reflexión política] 
245 1 0 |a Entre el pasado y el futuro :  |b ocho ejercicios sobre la reflexión política /  |c H. Arendt ; tr. por Ana Poljak. 
264 4 |a Barcelona, España :  |b Península,  |c 2016, c2016 
300 |a 430 p. 
336 |a texto  |b txt  |2 rdacontenido 
337 |a sin mediación  |b n  |2 rdamedio 
338 |a volumen  |b nc  |2 rdasoporte 
440 1 |a (Imprescindibles Península) 
500 |a Traducción de: Between Past and Future 
521 |a Peticiones 2018 
649 |a XX 
650 |a Verdad 
650 |a Libertad 
650 |a Autoridad 
650 |a Educación 
650 |a Cultura 
650 |a Historia -  |x Filosofía 
650 |a Filosofía Política -  |x Tema Principal 
650 |a Filosofía del Siglo XX 
650 |a Política -  |x Teoría 
910 |a Fondo General 
920 |a Impresos - Libros 
930 |a Colección General 
905 |a 101 
901 |a 0500296214  |b IT1  |c ACC  |i c1741  |u 20250521 
902 |a https://opac.biblio.iteso.mx/vufind/Record/000400909